000 00546nam a2200193Ia 4500
005 20250326144907.0
008 250326s9999 xx 000 0 und d
020 _a0-713-9908-X
037 _aTextbook
040 _aFMSL
_beng
_cFMSL
041 _aeng
_2eng
084 _aX P5
_qFMSL
100 _aLevitt S D
_9748945
245 0 _aRogue economist explores the hidden side of everything
_cLevitt S D; Dubner S J
260 _aUSA
_bUSA, Penguin Books
_c2005
300 _axii,242
942 _cTB
_hX P5
999 _c1305502
_d1305502